Svmma Doctrinae Christianae Catholicae Cvm Indice argvmentorvm In singulos, quibus distributum est, Titulos luculentissimo

Bibliographic Details
Main Author: Kling, Konrad, 1483-1556 (Author, Author of introduction, etc.)
Corporate Author: Birckmann, Arnold - dedičia (Kolín nad Rýnom, Nemecko) (Printer)
Other Authors: Birckmann, Arnold, dedičia, 16.-17. storočie (Printer)
Format: Book
Language:Latin
PhysicalDescription:[16] listov, 661, [15] strán 8° 17,5 × 12 cm
Published: Coloniae apud haeredes Arnoldi Birckmanni Anno, M. D L XX. [=1570]
Subjects:

MARC

LEADER 00000nam a2200000 a 4500
001 vtls001515648
003 SK-MaSNL
005 20260301222935.0
008 251112s1570 gw 001 0 lat
015 |a SNBHFA1570 
020 |q (viaz.) 
035 |a urn:nbn:sk:snk-am00ees6 
035 |a urn:nbn:sk:snk-am3ii02 
035 |a A80A93E0-388E-4D4C-BBA6-AF95A37775EF 
040 |a SNKHF  |b slo  |c SNK  |e AACR2 
041 0 |a lat 
044 |a gw  |c DE 
072 7 |a 2-1  |x Prirodzená teológia. Náboženská filozofia  |2 konspekt 
080 |a 2‑1  |2 2011 
080 |a 2‑21  |2 2011 
080 |a 27‑74  |2 2011 
100 1 |a Kling, Konrad,  |d 1483-1556  |4 aut  |4 aui  |9 128632 
245 1 0 |a Svmma Doctrinae Christianae Catholicae  |b Cvm Indice argvmentorvm In singulos, quibus distributum est, Titulos luculentissimo  |c Dn. Conrado Clingio, Ecclesiaste apud Erphoridam (dùm vixit) celeberrimo, [et] Minoritarum illic tùm temporis agentium Guradiano, conicinnata 
246 3 8 |a Conrad. Clingii Suma Doae. Xti. 
260 |a Coloniae  |b apud haeredes Arnoldi Birckmanni  |c Anno, M. D L XX. [=1570] 
300 |a [16] listov, 661, [15] strán  |c 8°  |c 17,5 × 12 cm 
500 |a Signety, linky, iniciálky s ornamentálnym a figurálnym pozadím v rámčeku a vo voľnom priestore na 4 - 10 riadkov 
504 |a Marginálie, kustody 
508 |a Predslov autora 
510 4 |a VD 16 K/1317 
546 |a Latinčina  |b Antiqua  |b Kurzíva 
561 |a Z knižnice františkánov Bratislava. - Elipsovitá pečiatka Bibliotheca Prov. S. Mariae O. FF. M.  |5 SNKID 100862 
562 |a Rukopisné marginálie v latinčine; rukopisné exlibrisy: Conventus Posoniensis. - Ex Libris Martinj Bathorij Alumnij Capli. Eccl. Strigon. Anno 1616 Empt9 Viennae φ 12.  |5 SNKID 100862 
563 |a Väzba: hnedá koža s onramentálno-figurálnou slepotlačou, stopy po dvoch kovových sponách, chrbát nanovo potiahnutý hnedou kožou s jednoduchou zlatou ornamentálnou slepotlačou, s červeným papierikom a zlatým textom.  |5 SNKID 100862 
650 0 7 |a teológia  |2 SNKPH  |9 1814 
650 0 7 |a kresťanstvo  |2 SNKPH  |9 2024 
650 0 7 |a náboženstvo  |2 SNKPH  |9 2023 
700 1 |a Bathori, Martin  |4 fmo  |9 613259 
700 1 |a Birckmann, Arnold,  |c dedičia,  |d 16.-17. storočie  |4 prt  |9 179030 
710 1 |a Františkáni (Bratislava, Slovensko)  |4 fmo  |9 281881 
710 0 |a Birckmann, Arnold - dedičia (Kolín nad Rýnom, Nemecko),  |d 1541-1657  |4 prt  |9 179031 
752 |a Nemecko  |d Kolín nad Rýnom 
852 |a snk  |b Františkáni Bratislava  |p ID 100862 
958 |a ONDV 
999 |c 941613  |d 943543 
952 |t Fr Ba 2952  |a SNK  |b SNK  |c SNK_HF  |y PREZ  |7 0  |p 17A1354441  |o snkID 100862  |i snk2019/2893  |8 5  |0 0  |1 0  |4 0  |d 2005-04-05  |f 1  |l 0  |r 2005-04-05 00:00:00  |w 2026-02-24